| 000 | 01034nam a22002777a 4500 | ||
|---|---|---|---|
| 003 | OSt | ||
| 005 | 20240710094536.0 | ||
| 008 | 240709b ||||| |||| 00| 0 eng d | ||
| 040 | _cAIMIT LIBRARY | ||
| 082 |
_a658.15 _bFINP |
||
| 110 |
_aCertified Financial Planner _9173017 |
||
| 245 |
_aFinancial planning journal / _cBy Certified Financial Planner |
||
| 260 |
_aMumbai : _bFinancial planning corporation pvt ltd , _c2014,2015 |
||
| 300 |
_bHB _c29 cm. |
||
| 440 |
_aFinancial planning journal _vVol.II No.VI/2014,Vol.III No.I-IV/2015 _9173018 |
||
| 440 | _vVol.I No.VII/2013,Vol.II No.I-V/2014 | ||
| 440 | _vVol.V No.9-12/2012/Vol.VI No.I-IV/2013 | ||
| 440 | _vVol.I No.II-VI/2013/Vol.VI No.V/2013 | ||
| 440 | _vVol.IV No.I-V/2016 | ||
| 440 | _vVol.IV No.VI/2016/Vol.V No.I&II/2017/Vol.I No.I&II/2017 | ||
| 440 | _vVol.1 No.III-IV/2017/Vol.1 No.V-VI/2018 | ||
| 650 |
_aTrending terms _9173019 |
||
| 650 |
_aSeniors health insurance _9173020 |
||
| 650 |
_aInvesting for pension _9173021 |
||
| 942 |
_2ddc _cBV _k658.15 FINP |
||
| 999 |
_c231425 _d231425 |
||